书目信息 |
| 题名: |
电视电话
|
|
| 作者: | 余兆明 编著 | |
| 分册: | ||
| 出版信息: | 北京 人民邮电出版社 1981 |
|
| 页数: | 229页 | |
| 开本: | 19cm | |
| 丛书名: | 电信技术普及丛书 | |
| 单 册: | ||
| 中图分类: | TN949.2 | |
| 科图分类: | ||
| 主题词: | 电视电话 | |
| 电子资源: | ||
| ISBN: | ||
| 000 | 00692nam2 2200265 45 | |
| 001 | 0181004248 | |
| 005 | 20040518171735.9 | |
| 010 | @dCNY0.60 | |
| 091 | @a15045.2489 | |
| 100 | @a19950614d1981 em y0chiy0121 ea | |
| 101 | 0 | @achi |
| 102 | @aCN@b110000 | |
| 105 | @ay z 000yy | |
| 106 | @ar | |
| 200 | 10 | @a电视电话@Adian shi dian hua@f余兆明等编 |
| 210 | @a北京@c人民邮电出版社@d1981 | |
| 215 | @a229页@d19cm | |
| 225 | 2 | @a电信技术普及丛书 |
| 410 | 0 | @120010@a电信技术普及丛书 |
| 606 | @a电视电话 | |
| 690 | @aTN949.2@v3 | |
| 701 | 0 | @a余兆明@Ayu zhao ming@4编著 |
| 801 | 0 | @aCN@b上海图书馆@c20040518 |
| 801 | 2 | @aCN@bNLC@c20040518 |
| 905 | @f3@b146868-870@dTN949.2@e75 | |
| 电视电话/余兆明等编.-北京:人民邮电出版社,1981 |
| 229页;19cm.-(电信技术普及丛书) |
| ISBN :CNY0.60 |
| ● |
| 相关链接 |
|
|
|
|
正题名:电视电话
索取号:TN949.2/75
 
预约/预借
| 序号 | 登录号 | 条形码 | 馆藏地/架位号 | 状态 | 备注 |
| 1 | 0146868 | 001326176 | 第三借阅区/ [索取号:TN949.2/75] | 在馆 | |
| 2 | 0146869 | 001326096 | 第三借阅区/ [索取号:TN949.2/75] | 在馆 | |
| 3 | 0146870 | 001326130 | 第三借阅区/ [索取号:TN949.2/75] | 在馆 | |
| 4 | 0146871 | 001326050 | 第二样本阅览室/ [索取号:TN949.2/75] | 在馆 |